| 000 | 00738nam a22001937a 4500 | ||
|---|---|---|---|
| 005 | 20100803110610.0 | ||
| 010 | _aENG-97293 | ||
| 020 |
_a9788128825545 _c150.00 |
||
| 035 | _aEN-80826 | ||
| 037 | _bDBAD/PUB | ||
| 082 | _a005.43 | ||
| 100 |
_aMinhas,Davinder Singh _94754 |
||
| 245 | F |
_aTips & Tricks Windows : _cby Davinder Singh Minhas _bTeach yourself &make everything easier / |
|
| 260 |
_aNew Delhi _bDiamond Pocket Books _c2010 |
||
| 270 |
_ax-30,Okhla Industrial Area,Phase-II _bNew Delhi _e110020 |
||
| 300 |
_a226p. _c23 cm (pbk) |
||
| 942 |
_2ddc _cEN _h005.43 _mMIN |
||
| 999 |
_c38857 _d38857 |
||